[Event "Bayern-ch (Women) 83th"]
[Site "Bayerisch Eisenstein"]
[Date "2012.08.18"]
[Round "1"]
[White "Lorenz, Oda"]
[Black "Reichart, Barbara"]
[Result "1-0"]
[WhiteElo "1706"]
[BlackElo "1521"]
[PlyCount "23"]
[EventDate "2012.08.18"]
[EventType "swiss"]
[EventRounds "9"]
[EventCountry "GER"]
[SourceTitle "EXT 2013"]
[Source "ChessBase"]
[SourceDate "2012.11.22"]
[SourceVersion "1"]
[SourceVersionDate "2012.11.22"]
[SourceQuality "1"]

1. e4 c5 2. d4 cxd4 3. c3 dxc3 4. Nxc3 e5 5. Bc4 Nf6 6. Nf3 Nc6 7. Ng5 a6 8. Nxf7 Qb6 9. Nxh8 Bb4 10. 0-0 Bxc3 11. bxc3 Nxe4 12. Qd5 1-0